Sophie the sapphire fairy (Record no. 9097)

MARC details
000 -LEADER
fixed length control field 00778nam a22002177a 4500
003 - CONTROL NUMBER IDENTIFIER
control field OSt
005 - DATE AND TIME OF LATEST TRANSACTION
control field 20260313024455.0
008 - FIXED-LENGTH DATA ELEMENTS--GENERAL INFORMATION
fixed length control field 260313b |||||||| |||| 00| 0 eng d
020 ## - INTERNATIONAL STANDARD BOOK NUMBER
International Standard Book Number 928-0-439-93533-3
040 ## - CATALOGING SOURCE
Original cataloging agency DWCL GS lib
Transcribing agency OC
082 ## - DEWEY DECIMAL CLASSIFICATION NUMBER
Classification number M482 2005
100 ## - MAIN ENTRY--PERSONAL NAME
Personal name MEADOWS, DAISY
245 ## - TITLE STATEMENT
Title Sophie the sapphire fairy
Statement of responsibility, etc. DAISY MEADOWS
260 ## - PUBLICATION, DISTRIBUTION, ETC.
Place of publication, distribution, etc. Newyork
Name of publisher, distributor, etc. scholastic Inc
Date of publication, distribution, etc. 2005
300 ## - PHYSICAL DESCRIPTION
Extent 63p
Dimensions 20cm
520 ## - SUMMARY, ETC.
Summary, etc. Rachel and Kirsty help Sophie, the sixth Jewel Fairy, recover her stolen sapphire from Jack Frost's goblins.
650 ## - SUBJECT ADDED ENTRY--TOPICAL TERM
Topical term or geographic name entry element the Rainbow Magic series, specifically featuring as the sixth fairy in The Jewel Fairies collection.
650 ## - SUBJECT ADDED ENTRY--TOPICAL TERM
Topical term or geographic name entry element friendship, perseverance, and the importance of wishes.
700 ## - ADDED ENTRY--PERSONAL NAME
Personal name DAISY MEADOWS
942 ## - ADDED ENTRY ELEMENTS (KOHA)
Source of classification or shelving scheme Dewey Decimal Classification
Koha item type Fiction
Suppress in OPAC No

No items available.